Fifa 21 Top 100 Serie A Players - Statistics

General Stats
  • This quiz has been taken 126 times
  • The average score is 57 of 100
Answer Stats
Rating Team Nation Player % Correct
87 Lazio Italy Ciro Immobile
100%
92 Piemonte Calcio Portugal Cristiano Ronaldo
100%
88 Napoli Senegal Kalidou Koulibaly
99%
88 Piemonte Calcio Argentina Paulo Dybala
99%
87 Piemonte Calcio Italy Giorgio Chiellini
95%
88 Inter Milan Slovenia Samir Handanovic
95%
85 Inter Milan Denmark Christian Eriksen
91%
85 Napoli Belgium Dries Mertens
91%
85 Piemonte Calcio Italy Leonardo Bonucci
88%
85 Piemonte Calcio Netherlands Matthijs De Ligt
88%
85 Inter Milan Slovakia Milan Skriniar
88%
85 Piemonte Calcio Brazil Alex Sandro
87%
85 Napoli Italy Lorenzo Insigne
87%
85 Lazio Serbia Sergej Milinkovic-Savic
87%
86 Atalanta Argentina Alejandro Gomez
85%
85 Inter Milan Belgium Romelu Lukaku
85%
85 Lazio Spain Luis Alberto
84%
87 Piemonte Calcio Poland Wojciech Szczesny
84%
84 Inter Milan Argentina Lautaro Martinez
83%
85 AC Milan Italy Gianluigi Donnarumma
82%
83 Inter Milan Morocco Achraf Hakimi
80%
83 Roma FC Bosnia-Herzegovina Edin Dzeko
80%
83 AC Milan Sweden Zlatan Ibrahimovic
79%
82 Piemonte Calcio Wales Aaron Ramsey
78%
83 Atalanta Colombia Duvan Zapata
78%
84 Atalanta Slovenia Josip Ilicic
78%
81 Piemonte Calcio Colombia Juan Cuadrado
77%
84 Inter Milan Croatia Marcelo Brozovic
77%
80 Inter Milan Chile Alexis Sanchez
76%
83 Inter Milan Chile Arturo Vidal
76%
84 Inter Milan Netherlands Stefan De Vrij
76%
83 Napoli Greece Kostas Manolas
72%
85 Cagliari Uruguay Diego Godin
71%
80 Sassuolo Italy Domenico Berardi
67%
83 Cagliari Belgium Radja Nainggolan
67%
82 Atalanta Germany Robin Gosens
66%
81 Piemonte Calcio France Adrien Rabiot
65%
83 AC Milan Italy Alessio Romagnoli
65%
80 Torino Italy Andrea Belotti
65%
82 Inter Milan Croatia Ivan Perisic
65%
80 Napoli Poland Piotr Zielinski
63%
80 AC Milan Denmark Simon Kjaer
62%
79 Napoli Portugal Mario Rui
61%
81 Napoli Poland Arkadiusz Milik
60%
80 Napoli Mexico Hirving Lozano
60%
82 Piemonte Calcio Italy Gianluigi Buffon
59%
80 Roma FC Armenia Henrikh Mkhitaryan
57%
81 Atalanta Netherlands Marten De Roon
57%
83 Lazio Albania Thomas Strakosha
57%
82 Piemonte Calcio Spain Alvaro Morata
56%
79 Piemonte Calcio Brazil Danilo
56%
82 Napoli Spain Fabian Ruiz
56%
81 Piemonte Calcio Germany Sami Khedira
56%
84 Piemonte Calcio Brazil Arthur
55%
84 Torino Italy Salvatore Sirigu
55%
80 AC Milan France Theo Hernandez
55%
79 Napoli Nigeria Victor Osimhen
55%
81 Lazio Argentina Joaquin Correa
54%
79 Atalanta Colombia Luis Muriel
54%
80 Inter Milan Italy Nicolo Barella
54%
84 Lazio Brazil Lucas Leiva
51%
79 AC Milan Turkey Hakan Calhanoglu
49%
79 Cagliari Brazil Joao Pedro
49%
83 Roma FC Spain Pau Lopez
49%
79 Piemonte Calcio Uruguay Rodrigo Bentancur
49%
82 Inter Milan Serbia Aleksandar Kolarov
48%
79 AC Milan Croatia Ante Rebic
48%
79 Roma FC England Chris Smalling
48%
82 Genoa Italy Mattia Perin
48%
80 Sampdoria Italy Fabio Quagliarella
46%
81 Fiorentina France Franck Ribery
46%
83 Lazio Italy Francesco Acerbi
43%
80 Inter Milan Uruguay Matias Vecino
43%
79 Napoli Algeria Faouzi Ghoulam
40%
79 Roma FC France Jordan Veretout
37%
79 Roma FC Italy Lorenzo Pellegrini
37%
79 Atalanta Russia Aleksei Miranchuk
35%
78 Lazio Ecuador Felipe Caicedo
35%
79 Lazio Spain Pepe Reina
35%
80 Piemonte Calcio Italy Federico Bernardeschi
34%
81 Sassuolo Italy Andrea Consigli
33%
78 Napoli France Kevin Malcuit
33%
78 Torino Switzerland Ricardo Rodriguez
32%
81 Cagliari Italy Alessio Cragno
30%
80 Udinese Spain Gerard Deulofeu
30%
80 Torino Cameroon Nicolas Nkoulou
30%
79 Napoli Colombia David Ospina
29%
80 Udinese Argentina Juan Musso
29%
81 Lazio Italy Manuel Lazzari
29%
79 Atalanta Ukraine Ruslan Malinovskyi
29%
79 Sassuolo Italy Francesco Caputo
26%
79 Napoli France Tiemoue Bakayoko
24%
78 Lazio Bosnia-Herzegovina Senad Lulic
23%
79 AC Milan Spain Samu Castillejo
22%
79 Lazio Italy Marco Parolo
20%
81 Napoli Italy Matteo Politano
20%
78 Torino Argentina Cristian Ansaldi
11%
79 Atalanta Italy Pierluigi Gollini
11%
79 Torino Italy Armando Izzo
10%
78 Sampdoria Italy Antonio Candreva
7%
No matching quizzes found
Score Distribution
Percent of People with Each Score
Percentile by Number Answered
Your Score History
You have not taken this quiz